LEADER 01515nam a2200289 u 4500 001 000000030780 003 CaOOAMICUS 005 20070226112051.0 008 970922s1677 fr a u000 u lat u 035 $a10770088 040 $aPUL(R)$bita 100 1 $aOliva, Giovanni Paolo,$cS.I.,$d1600-1681.$0(OLS)http://pul/name/24729 245 10$aJoannis Pauli Oliva e societate Jesu, In selecta scripturae loca ethicarum commentationum.$nTomus secundus,$pIn Esdram. 246 30$aIn Esdram 260 $aLugduni :$bsumptibus Ffr. Anissoniorum et Joannis Posuel,$cMDCLXXVII. 300 $a564, [104] p., [1] c. di tav. :$bill. ;$c36 cm 500 $aComprende indici. 630 04$aBiblia.$pV.T.$pEsdrae I-II$xCommenti.$0(OLS)http://pul/subject/17202 700 1 $aOliva, Giovanni Paolo,$cS.I.,$d1600-1681.$0(OLS)http://pul/name/24729 740 0 $aIn selecta scripturae loca ethicarum commentationum. 850 $aPUL 852 $aPUL$W1$xDP1 Antico 600$y25$m6 A 5$j42539$nBK-PRI$b $qStampati Antico$B42539$CPULBib$Z2$F42539 $H $81 941 1 $a15 996 $6245$aJoannis Pauli Oliva e societate Jesu, In selecta scripturae loca ethicarum commentationum.$nTomus secundus,$pIn Esdram$9(OLS)http://pul/title/42285 996 $6246$aIn Esdram$9(OLS)http://pul/title/42286 996 $6740$aIn selecta scripturae loca ethicarum commentationum$9(OLS)http://pul/title/42287 996 $6260$aLugduni :$bsumptibus Ffr. Anissoniorum et Joannis Posuel$9(OLS)http://pul/publisher/60770 LEADER 01258nam a2200265 a 4500 001 000000174203 003 CaOOAMICUS 005 20210202111309.0 008 210202s2020 it frm z000 u spa r 032 $aLibriCat 040 $aPUL$bita 100 1 $aDíaz Aldaco, Vicente.$0(OLS)http://pul/name/111924 245 13$aLa concepción narrativa de la ética en Paul Ricoeur : $bactualidad y pertinencia de la identidad narrativa /$cVicente Díaz Aldaco. 260 $aRoma :$b[s.n.],$c2020. 300 $a121 p.;$c24 cm 502 $aEstratto da Tesi di Dottorato--Facoltà di filosofia--Pontificia Università Gregoriana, 2020. 504 $aBibliografia: p. [101]-115. 600 14$aRicoeur, Paul,$d1913-2005$xEtica.$0(OLS)http://pul/subject/35616 710 2 $aPontificia Università Gregoriana.$bFacoltà di filosofia.$kTesi.$0(OLS)http://pul/name/82053 850 $aPUL 852 $aPUL$W1$xDP1 Tesi Pon. Univ. Gregoriana$y40$m2020 A 5$j197762$qTesi$B203125$CPULBib$Z2$F203125 $82 941 1 $a16 996 $6245$aLa concepción narrativa de la ética en Paul Ricoeur : $bactualidad y pertinencia de la identidad narrativa$9(OLS)http://pul/title/215432 996 $6260$aRoma :$b[s.n.]$9(OLS)http://pul/publisher/47958